<?xml version="1.0" encoding="UTF-8"?><?xml-stylesheet type="text/xsl" href="static/style.xsl"?><OAI-PMH xmlns="http://www.openarchives.org/OAI/2.0/" xmlns:xsi="http://www.w3.org/2001/XMLSchema-instance" xsi:schemaLocation="http://www.openarchives.org/OAI/2.0/ http://www.openarchives.org/OAI/2.0/OAI-PMH.xsd"><responseDate>2026-04-17T07:43:45Z</responseDate><request verb="GetRecord" identifier="oai:www.recercat.cat:2072/270311" metadataPrefix="marc">https://recercat.cat/oai/request</request><GetRecord><record><header><identifier>oai:recercat.cat:2072/270311</identifier><datestamp>2024-12-11T16:12:31Z</datestamp><setSpec>com_2072_5164</setSpec><setSpec>com_2072_5163</setSpec><setSpec>col_2072_5169</setSpec></header><metadata><record xmlns="http://www.loc.gov/MARC21/slim" xmlns:dcterms="http://purl.org/dc/terms/" xmlns:xsi="http://www.w3.org/2001/XMLSchema-instance" xmlns:doc="http://www.lyncode.com/xoai" xsi:schemaLocation="http://www.loc.gov/MARC21/slim http://www.loc.gov/standards/marcxml/schema/MARC21slim.xsd">
   <leader>00925njm 22002777a 4500</leader>
   <datafield ind2=" " ind1=" " tag="042">
      <subfield code="a">dc</subfield>
   </datafield>
   <datafield ind2=" " ind1=" " tag="720">
      <subfield code="a">Llerins Latorre, Olga</subfield>
      <subfield code="e">author</subfield>
   </datafield>
   <datafield ind2=" " ind1=" " tag="260">
      <subfield code="c">2016-12-21</subfield>
   </datafield>
   <datafield ind2=" " ind1=" " tag="520">
      <subfield code="a">L'objectiu d'aquest treball és identificar i analitzar l'ús dels llatinismes amb major presència en els principals mitjans de premsa escrita a Espanya, evidenciant-ho amb exemples reals dins d'un marc de cerca delimitat, temporal i temàticament, amb la finalitat de poder extreure conclusions significatives. La cerca se centra en els articles relacionats amb les eleccions per al Congrés dels Diputats del 20 de desembre de 2015 publicats durant la campanya electoral d'aquests comicis, període que abasta del 4 al 18 de desembre de 2015. Els mitjans seleccionats per a aquesta cerca són cinc dels principals diaris d'actualitat no especialitzats, d'abast nacional i amb forta presència a Catalunya: ABC, El Mundo, El País, El Periódico i La Vanguardia.</subfield>
   </datafield>
   <datafield ind1="8" ind2=" " tag="024">
      <subfield code="a">http://hdl.handle.net/2072/270311</subfield>
   </datafield>
   <datafield ind2="0" ind1="0" tag="245">
      <subfield code="a">Presencia y uso de latinismos en la prensa durante la campaña electoral del 20 de diciembre de 2015</subfield>
   </datafield>
</record></metadata></record></GetRecord></OAI-PMH>